000 00855nmc a2200277 a 4500
003 AR-BaBNM
005 20251128204000.0
008 240020s1961 ||||||||||||||000 | spa||
040 _cAR-BaBNM
110 2 _aUniversidad Nacional de La Plata
_bFacultad de Humanidades y Ciencias de la Educación
245 1 0 _aAlgunos aspectos de la cultura literaria de Mayo
260 _aLa Plata
_bUniversidad Nacional de La Plata
_c1961
300 _a306 p.
490 0 _aTrabajos, comunicación y conferencias
_vv. 1
500 _aNotas al final de cada capítulo
650 4 _aLITERATURA ARGENTINA
650 4 _aCRITICA LITERARIA
650 4 _aINVESTIGACION LITERARIA
650 4 _aROMANTICISMO
650 4 _aPROSA
650 4 _aPOESIA
655 _aLITERATURA
700 1 _aCastagnino, Raúl Héctor
_eprologuista
942 _cBK
998 _cCarmen
999 _c5704
_d5704